[Event "Duna Kupa (Nõi Nyílt Bajnokság)"]
[Site "Budapest"]
[Date "2015.09.26"]
[Round "4.1"]
[White "Lyell, Mark"]
[Black "Czebe, Attila"]
[Result "0-1"]
[WhiteElo "2313"]
[BlackElo "2439"]
[PlyCount "94"]
[EventDate "2015.09.23"]
[EventType "swiss"]
[EventRounds "9"]
[EventCountry "HUN"]

1. e4 g6 2. d4 Bg7 3. Nc3 a6 4. a4 d6 5. Be3 Nf6 6. h3 O-O 7. Nf3 b6 8. e5 Nfd7
9. Bc4 dxe5 10. dxe5 Nxe5 11. Nxe5 Qxd1+ 12. Rxd1 Bxe5 13. O-O Nc6 14. f4 Bxc3
15. bxc3 Be6 16. Be2 Na5 17. Rfe1 Rfd8 18. Rxd8+ Rxd8 19. Bxa6 Bc4 20. Bb5 f6
21. Bc1 Kf7 22. Ba3 c5 23. Bc1 Bxb5 24. axb5 Nc4 25. Kf2 Ra8 26. Ke2 Ra1 27.
Kd3 Nd6 28. Bd2 Rxe1 29. Bxe1 Nxb5 30. Kc4 Nc7 31. Bg3 f5 32. Kd3 Nd5 33. c4
Nb4+ 34. Kc3 Ke6 35. Kb3 Kd7 36. c3 Nc6 37. Bh4 Na5+ 38. Ka4 Kc6 39. Bxe7 Nxc4
40. Kb3 Kd5 41. g4 Ne3 42. gxf5 gxf5 43. Bd8 b5 44. Bc7 h5 45. Bb6 Nd1 46. Kc2
Nf2 47. Kd2 Ke4 0-1

[Event "Duna Kupa (Nõi Nyílt Bajnokság)"]
[Site "Budapest"]
[Date "2015.09.26"]
[Round "4.2"]
[White "Almasi, Istvan"]
[Black "Rudolf, Anna"]
[Result "1/2-1/2"]
[WhiteElo "2409"]
[BlackElo "2329"]
[PlyCount "53"]
[EventDate "2015.09.23"]
[EventType "swiss"]
[EventRounds "9"]
[EventCountry "HUN"]

1. Nf3 d5 2. c4 e6 3. g3 Nf6 4. Bg2 Be7 5. O-O O-O 6. d4 dxc4 7. Qc2 a6 8. a4
Bd7 9. Rd1 Bc6 10. Nc3 Bb4 11. Bg5 Bxc3 12. Bxf6 Qxf6 13. bxc3 Nd7 14. Qa2 Bd5
15. Nd2 Bxg2 16. Kxg2 e5 17. d5 Qe7 18. Ne4 f5 19. d6 cxd6 20. Qxc4+ Qf7 21.
Qxf7+ Kxf7 22. Rxd6 Ke7 23. Rad1 Rad8 24. Ng5 Nc5 25. R6d5 Rxd5 26. Rxd5 Nxa4
27. e4 1/2-1/2

[Event "Duna Kupa (Nõi Nyílt Bajnokság)"]
[Site "Budapest"]
[Date "2015.09.26"]
[Round "4.3"]
[White "Aczel, Gergely"]
[Black "Balint, Vilmos"]
[Result "1-0"]
[WhiteElo "2494"]
[BlackElo "2288"]
[PlyCount "55"]
[EventDate "2015.09.23"]
[EventType "swiss"]
[EventRounds "9"]
[EventCountry "HUN"]

1. d4 Nf6 2. c4 e6 3. Nc3 Bb4 4. Qc2 d5 5. a3 Bxc3+ 6. Qxc3 c5 7. dxc5 d4 8.
Qg3 Nc6 9. Nf3 O-O 10. Bh6 Ne8 11. Rd1 e5 12. Bc1 e4 13. Nxd4 Nxd4 14. Qc3 Qe7
15. Qxd4 Bg4 16. h3 Bh5 17. g4 Bg6 18. Bf4 e3 19. Qxe3 Qf6 20. Bg2 Qxb2 21. Be5
Qa2 22. Bxb7 Nf6 23. Bxa8 Rxa8 24. Bxf6 gxf6 25. O-O Qxc4 26. Rd4 Qb5 27. Rfd1
Kg7 28. Rd8 1-0

[Event "Duna Kupa (Nõi Nyílt Bajnokság)"]
[Site "Budapest"]
[Date "2015.09.26"]
[Round "4.4"]
[White "Hando, Vilmos"]
[Black "Gara, Anita"]
[Result "1-0"]
[WhiteElo "2332"]
[BlackElo "2307"]
[PlyCount "83"]
[EventDate "2015.09.23"]
[EventType "swiss"]
[EventRounds "9"]
[EventCountry "HUN"]

1. c4 f5 2. Nf3 Nf6 3. g3 g6 4. Bg2 Bg7 5. O-O d6 6. Nc3 O-O 7. d3 c5 8. a3 Nc6
9. Rb1 a5 10. Ne1 e5 11. Nc2 f4 12. gxf4 Nh5 13. fxe5 Bxe5 14. e3 Bxh2+ 15.
Kxh2 Qh4+ 16. Kg1 Bg4 17. f3 Ne5 18. Qe1 Ng3 19. Ne4 Nxf3+ 20. Rxf3 Rxf3 21.
Bxf3 Bxf3 22. Nxg3 h5 23. e4 Rf8 24. Ne3 Qh3 25. Qf2 h4 26. Qh2 Qxh2+ 27. Kxh2
hxg3+ 28. Kxg3 Be2 29. Bd2 Bxd3 30. Re1 a4 31. Bc3 Bxe4 32. Ng4 Rf3+ 33. Kh4
Bf5 34. Nh6+ Kf8 35. Nxf5 Rxf5 36. Re6 Rf4+ 37. Kg5 Rxc4 38. Kxg6 Rg4+ 39. Kf5
Rg3 40. Rxd6 b5 41. Ke6 Ke8 42. Rc6 1-0

[Event "Duna Kupa (Nõi Nyílt Bajnokság)"]
[Site "Budapest"]
[Date "2015.09.26"]
[Round "4.5"]
[White "Szeberenyi, Adam"]
[Black "Halak, Miklos"]
[Result "1-0"]
[WhiteElo "2378"]
[BlackElo "2253"]
[PlyCount "61"]
[EventDate "2015.09.23"]
[EventType "swiss"]
[EventRounds "9"]
[EventCountry "HUN"]

1. d4 d5 2. c4 c6 3. Nf3 Nf6 4. e3 e6 5. Nbd2 Nbd7 6. Bd3 Bd6 7. O-O O-O 8. e4
dxe4 9. Nxe4 Nxe4 10. Bxe4 Nf6 11. Bc2 h6 12. Qd3 c5 13. Rd1 cxd4 14. Qxd4 Be7
15. Qe5 Qe8 16. Qg3 Nh5 17. Qc7 Bd8 18. Qd6 Be7 19. Qc7 Bd8 20. Qd6 Be7 21. Qd3
Nf6 22. Ne5 Qd8 23. Qg3 Qa5 24. Bxh6 Nh5 25. Qd3 f5 26. Ng6 Re8 27. Nxe7+ Rxe7
28. Bg5 Rf7 29. Qd8+ Qxd8 30. Rxd8+ Rf8 31. Rad1 1-0

[Event "Duna Kupa (Nõi Nyílt Bajnokság)"]
[Site "Budapest"]
[Date "2015.09.26"]
[Round "4.6"]
[White "Havanecz, Bianka"]
[Black "Madl, Ildiko"]
[Result "1/2-1/2"]
[WhiteElo "2252"]
[BlackElo "2366"]
[PlyCount "40"]
[EventDate "2015.09.23"]
[EventType "swiss"]
[EventRounds "9"]
[EventCountry "HUN"]

1. d4 d5 2. c4 e6 3. Nf3 c6 4. g3 dxc4 5. Qc2 b5 6. Bg2 Bb7 7. O-O Nf6 8. b3
cxb3 9. Qxb3 Be7 10. a4 b4 11. a5 O-O 12. Rd1 Qd5 13. Qc2 c5 14. Bb2 c4 15. Ne1
Qb5 16. Bxb7 Qxb7 17. Qxc4 Rc8 18. Qd3 Na6 19. Nd2 Rc7 20. Nb3 Rd8 1/2-1/2

[Event "Duna Kupa (Nõi Nyílt Bajnokság)"]
[Site "Budapest"]
[Date "2015.09.26"]
[Round "4.7"]
[White "Vajda, Szidonia"]
[Black "Keschitz, Gyorgy"]
[Result "1-0"]
[WhiteElo "2352"]
[BlackElo "2260"]
[PlyCount "87"]
[EventDate "2015.09.23"]
[EventType "swiss"]
[EventRounds "9"]
[EventCountry "HUN"]

1. e4 c5 2. c3 d5 3. exd5 Qxd5 4. d4 e6 5. Na3 a6 6. Nc4 Nd7 7. Ne3 Qc6 8. d5
exd5 9. Qxd5 Qd6 10. Nf3 Ngf6 11. Qxd6 Bxd6 12. Nf5 Bf8 13. Bf4 Ne4 14. Ng3
Ndf6 15. Bd3 Nxg3 16. hxg3 h6 17. O-O-O Be6 18. Ne5 Bd6 19. Ng6 Bxf4+ 20. Nxf4
Bxa2 21. Rhe1+ Kf8 22. Bc2 g5 23. Nd3 Rc8 24. Ne5 Bd5 25. Nd7+ Nxd7 26. Rxd5
Rc7 27. Red1 Nf6 28. Rf5 Kg7 29. Rd6 Nd7 30. Bb3 Nb8 31. f4 gxf4 32. Rxf4 Re8
33. Rg4+ Kf8 34. Rxh6 Re1+ 35. Kd2 Re5 36. Rh8+ Ke7 37. Rxb8 Rd7+ 38. Kc2 b5
39. Kb1 Re2 40. Rf4 c4 41. Bc2 Rxg2 42. Re4+ Kf6 43. Rb6+ Kg5 44. Re5+ 1-0

[Event "Duna Kupa (Nõi Nyílt Bajnokság)"]
[Site "Budapest"]
[Date "2015.09.26"]
[Round "4.8"]
[White "Vegh, Endre"]
[Black "Reznak, Attila"]
[Result "1/2-1/2"]
[WhiteElo "2259"]
[BlackElo "2340"]
[PlyCount "142"]
[EventDate "2015.09.23"]
[EventType "swiss"]
[EventRounds "9"]
[EventCountry "HUN"]

1. d4 Nf6 2. c4 e6 3. Nc3 Bb4 4. Qc2 Nc6 5. Nf3 d6 6. Bd2 e5 7. d5 Bxc3 8. Bxc3
Ne7 9. e4 O-O 10. g3 Nh5 11. Bg2 f5 12. exf5 Bxf5 13. Qe2 Ng6 14. Bd2 Qd7 15.
h3 Rae8 16. Ng5 Nf6 17. Kf1 h6 18. Nf3 Ne4 19. Kg1 Qf7 20. Re1 Nc5 21. b4 Nd3
22. Rf1 b5 23. cxb5 Nb2 24. Be3 Bd3 25. Qxb2 Bxf1 26. Kxf1 Qxd5 27. Qb3 Qxb3
28. axb3 Rb8 29. Ke2 Rxb5 30. Rc1 Rf7 31. Nd2 Re7 32. Bc6 Rxb4 33. Bxa7 e4 34.
Rc4 Rxc4 35. bxc4 Ne5 36. Bd5+ Kf8 37. Bd4 Ke8 38. Bxe5 Rxe5 39. Nxe4 Kd7 40.
f4 Re8 41. f5 c6 42. Be6+ Ke7 43. Kf3 Ra8 44. h4 Ra1 45. Kg4 Re1 46. Nf2 Re3
47. Nh3 Rd3 48. Nf4 Rc3 49. Bd5 Kd7 50. Bg8 Ke7 51. Nh5 Kf8 52. Be6 Rc1 53. Kf4
Rf1+ 54. Ke4 Re1+ 55. Kd4 Rd1+ 56. Kc3 Rc1+ 57. Kb4 Re1 58. Bd7 Re5 59. Nf4 Kf7
60. Be6+ Ke8 61. g4 Re4 62. Nh5 Kf8 63. Ka5 d5 64. cxd5 cxd5 65. Kb5 Rxg4 66.
f6 Rg6 67. fxg7+ Rxg7 68. Nxg7 Kxg7 69. h5 d4 70. Kc4 d3 71. Kxd3 Kh8 1/2-1/2

[Event "Duna Kupa (Nõi Nyílt Bajnokság)"]
[Site "Budapest"]
[Date "2015.09.26"]
[Round "4.9"]
[White "Jamrich, Gyorgy"]
[Black "Kantor, Gergely"]
[Result "0-1"]
[WhiteElo "2207"]
[BlackElo "2403"]
[PlyCount "72"]
[EventDate "2015.09.23"]
[EventType "swiss"]
[EventRounds "9"]
[EventCountry "HUN"]

1. e4 c5 2. Nf3 e6 3. Nc3 Nc6 4. Be2 Nf6 5. O-O Be7 6. d4 cxd4 7. Nxd4 d6 8.
Nxc6 bxc6 9. Qd3 O-O 10. Qg3 Nd7 11. Be3 Rb8 12. Na4 Rb4 13. b3 Rxe4 14. Bf3
Rh4 15. Bxc6 Ne5 16. Bb5 Rg4 17. Qh3 Bb7 18. f3 Rg6 19. Rad1 Qa5 20. Be2 Bc6
21. Rd4 Qc7 22. Nb2 d5 23. Rdd1 Bb7 24. Bf4 Qxc2 25. Rd2 Qc5+ 26. Kh1 Qb4 27.
g3 Bd6 28. Rc2 Qb6 29. Qh5 f6 30. Na4 Qd8 31. Be3 d4 32. Bxd4 Rh6 33. Qxh6 gxh6
34. Bxa7 Qa8 35. Be3 Nxf3 36. Nb6 Ng5+ 0-1

[Event "Duna Kupa (Nõi Nyílt Bajnokság)"]
[Site "Budapest"]
[Date "2015.09.26"]
[Round "4.10"]
[White "Nemeth, Zoltan"]
[Black "Erdos, Boglarka"]
[Result "1-0"]
[WhiteElo "2296"]
[BlackElo "2186"]
[PlyCount "83"]
[EventDate "2015.09.23"]
[EventType "swiss"]
[EventRounds "9"]
[EventCountry "HUN"]

1. e4 c5 2. c4 Nc6 3. Nc3 g6 4. g3 Bg7 5. Bg2 e5 6. Rb1 Nge7 7. a3 O-O 8. d3 d6
9. Nge2 Be6 10. O-O Qd7 11. b4 Bh3 12. Bxh3 Qxh3 13. bxc5 dxc5 14. Rxb7 f5 15.
f3 f4 16. Qe1 g5 17. Nd5 Ng6 18. Qf2 Rac8 19. Qg2 Qe6 20. Bd2 Rb8 21. Rfb1 Rxb7
22. Rxb7 Rb8 23. Rxb8+ Nxb8 24. Qf1 Nc6 25. g4 Qc8 26. Qb1 h5 27. h3 hxg4 28.
hxg4 Kf7 29. Be1 Bf8 30. Qb5 Bd6 31. Bf2 Nd4 32. Nxd4 exd4 33. Kf1 Ne5 34. Ke2
Ke6 35. a4 Qb8 36. Be1 Qh8 37. Qb7 Qb8 38. Qh7 Qf8 39. Ba5 a6 40. Bd8 Qf7 41.
Qf5+ Qxf5 42. exf5+ 1-0

[Event "Duna Kupa (Nõi Nyílt Bajnokság)"]
[Site "Budapest"]
[Date "2015.09.26"]
[Round "4.11"]
[White "Szalanczy, Emil"]
[Black "Terbe, Zsuzsanna"]
[Result "1-0"]
[WhiteElo "2280"]
[BlackElo "2087"]
[PlyCount "81"]
[EventDate "2015.09.23"]
[EventType "swiss"]
[EventRounds "9"]
[EventCountry "HUN"]

1. e4 c5 2. Nf3 Nc6 3. d4 cxd4 4. Nxd4 Nf6 5. Nc3 e5 6. Ndb5 d6 7. Bg5 a6 8.
Na3 b5 9. Nd5 Be7 10. Bxf6 Bxf6 11. c4 b4 12. Nc2 a5 13. g3 O-O 14. Bg2 Bg5 15.
O-O Be6 16. Qd3 Ne7 17. a3 Bxd5 18. cxd5 b3 19. Qxb3 Rb8 20. Qa2 Qc7 21. Ne1
Qb6 22. Nd3 f5 23. b4 fxe4 24. Bxe4 Nf5 25. Qe2 Nd4 26. Qh5 Bh6 27. Rac1 Rbc8
28. Rxc8 Rxc8 29. Kg2 Qd8 30. h4 Qf8 31. bxa5 Ra8 32. a4 Rxa5 33. Ra1 g6 34.
Qg4 Qf7 35. h5 Kg7 36. hxg6 hxg6 37. Nb4 Bd2 38. Nc6 Nxc6 39. dxc6 Rc5 40. Rd1
Bc3 41. Rxd6 1-0

[Event "Duna Kupa (Nõi Nyílt Bajnokság)"]
[Site "Budapest"]
[Date "2015.09.26"]
[Round "4.12"]
[White "Polyik, Peter"]
[Black "Goczo, Melinda"]
[Result "1-0"]
[WhiteElo "2178"]
[BlackElo "2280"]
[PlyCount "75"]
[EventDate "2015.09.23"]
[EventType "swiss"]
[EventRounds "9"]
[EventCountry "HUN"]

1. d4 Nf6 2. c4 e6 3. Nf3 d5 4. Nc3 Be7 5. Bg5 O-O 6. e3 h6 7. Bh4 b6 8. cxd5
Nxd5 9. Bxe7 Qxe7 10. Nxd5 exd5 11. Rc1 Bg4 12. Be2 Bxf3 13. Bxf3 c6 14. O-O
Qd6 15. Qa4 a5 16. a3 g6 17. Rfd1 b5 18. Qc2 f5 19. Qc5 Qd8 20. g3 a4 21. Bg2
Rf6 22. Re1 Nd7 23. Qb4 Nb6 24. f3 Nc4 25. Rcd1 Qf8 26. Qc3 Rb8 27. e4 f4 28.
exd5 cxd5 29. gxf4 b4 30. Qc2 bxa3 31. bxa3 Qxa3 32. Rb1 Rb3 33. Re8+ Kf7 34.
Rbe1 Ne3 35. Qc8 Kg7 36. Rg8+ Kh7 37. Rh8+ Kg7 38. Qg8# 1-0

[Event "Duna Kupa (Nõi Nyílt Bajnokság)"]
[Site "Budapest"]
[Date "2015.09.26"]
[Round "4.13"]
[White "Bodi, Tibor"]
[Black "Toth-Katona, Tamas"]
[Result "1/2-1/2"]
[WhiteElo "2261"]
[BlackElo "1979"]
[PlyCount "98"]
[EventDate "2015.09.23"]
[EventType "swiss"]
[EventRounds "9"]
[EventCountry "HUN"]

1. d4 Nf6 2. Nf3 d5 3. c4 c6 4. Nc3 e6 5. g3 Nbd7 6. Bg2 Bd6 7. O-O O-O 8. Re1
dxc4 9. e4 e5 10. dxe5 Nxe5 11. Nxe5 Bxe5 12. h3 Be6 13. f4 Bxc3 14. bxc3 Qd3
15. f5 Qxc3 16. Rb1 Rad8 17. Qe2 Bc8 18. Qf2 Rd3 19. Kh2 Re8 20. g4 h5 21. g5
Nd7 22. Qe2 Ne5 23. Rf1 g6 24. Bf4 Bxf5 25. Rxb7 Rxh3+ 26. Bxh3 Qxh3+ 27. Kg1
Bg4 28. Qg2 Nf3+ 29. Kf2 Qh4+ 30. Qg3 Rxe4 31. Qxh4 Nxh4 32. Bc1 Re2+ 33. Kg3
Nf5+ 34. Kf4 c3 35. Rxa7 Nd4 36. a4 Be6 37. a5 h4 38. Re7 Ra2 39. Ke5 Nf5 40.
Rxe6 fxe6 41. Kf6 Rxa5 42. Kxg6 Ra1 43. Rd1 Ne7+ 44. Kf6 Nd5+ 45. Kxe6 c2 46.
Re1 Nf4+ 47. Kf6 Nd5+ 48. Kg6 Nf4+ 49. Kf6 Nd5+ 1/2-1/2

[Event "Duna Kupa (Nõi Nyílt Bajnokság)"]
[Site "Budapest"]
[Date "2015.09.26"]
[Round "4.14"]
[White "Terbe, Julianna"]
[Black "Heyl, Thomas"]
[Result "1/2-1/2"]
[WhiteElo "2233"]
[BlackElo "1975"]
[PlyCount "92"]
[EventDate "2015.09.23"]
[EventType "swiss"]
[EventRounds "9"]
[EventCountry "HUN"]

1. e4 c5 2. Nf3 e6 3. d4 cxd4 4. Nxd4 a6 5. Bd3 Nf6 6. Qe2 d6 7. O-O Nc6 8.
Nxc6 bxc6 9. c4 e5 10. c5 dxc5 11. Na3 Be7 12. Be3 O-O 13. Rac1 Bg4 14. f3 Be6
15. Bxa6 Bxa2 16. Bb7 Ra5 17. Bd2 Ra7 18. Bxc6 Qb6 19. Bb5 Rb8 20. Ra1 Be6 21.
Bc4 Nd7 22. Bc3 Rba8 23. Rad1 Bxc4 24. Qxc4 Bg5 25. Rfe1 Qh6 26. Qe2 Qe6 27.
Rd5 Be7 28. Red1 f6 29. Nb5 Rb7 30. Nd6 Bxd6 31. Rxd6 Qf7 32. Qd3 Nf8 33. Rc6
Rd7 34. Rd6 Rad8 35. Rd5 Rxd5 36. exd5 Qd7 37. Qc4 Ne6 38. Rd2 Nd4 39. d6+ Kf8
40. b4 Qxd6 41. bxc5 Qd5 42. Qb4 Kf7 43. Qb6 Rc8 44. Bb4 Rc6 45. Qa7+ Kg6 46.
Qa1 Qb3 1/2-1/2

[Event "Duna Kupa (Nõi Nyílt Bajnokság)"]
[Site "Budapest"]
[Date "2015.09.26"]
[Round "4.15"]
[White "Juhasz, Barbara"]
[Black "Marosi, Levente"]
[Result "1/2-1/2"]
[WhiteElo "2175"]
[BlackElo "2212"]
[PlyCount "72"]
[EventDate "2015.09.23"]
[EventType "swiss"]
[EventRounds "9"]
[EventCountry "HUN"]

1. d4 Nf6 2. Nc3 d5 3. Bg5 g6 4. Bxf6 exf6 5. e3 Bg7 6. g3 f5 7. Bg2 c6 8. Nce2
Qe7 9. b3 Be6 10. Nf3 Nd7 11. O-O O-O 12. Nd2 Nf6 13. c4 Rad8 14. c5 Ne4 15. b4
g5 16. Rb1 Bh6 17. b5 Bd7 18. bxc6 Bxc6 19. Nf3 f6 20. Qc2 Rfe8 21. Nc3 Qd7 22.
h4 Qc7 23. hxg5 fxg5 24. Ne5 Bg7 25. Nxe4 fxe4 26. Nxc6 Qxc6 27. Qe2 Re7 28.
Qg4 Qg6 29. f4 exf3 30. Qxf3 g4 31. Qf5 Rxe3 32. Rxb7 Qxf5 33. Rxf5 Bxd4 34.
Bxd5+ Kh8 35. Kg2 Re2+ 36. Kf1 Re5 1/2-1/2

[Event "Duna Kupa (Nõi Nyílt Bajnokság)"]
[Site "Budapest"]
[Date "2015.09.26"]
[Round "4.16"]
[White "Berta, Sandor"]
[Black "Boguszlavszkij, Jevgenyij"]
[Result "1/2-1/2"]
[WhiteElo "2051"]
[BlackElo "2204"]
[PlyCount "109"]
[EventDate "2015.09.23"]
[EventType "swiss"]
[EventRounds "9"]
[EventCountry "HUN"]

1. g3 g6 2. Bg2 Bg7 3. Nf3 e5 4. d3 Ne7 5. c4 d5 6. cxd5 Nxd5 7. Nc3 Ne7 8. O-O
O-O 9. Bd2 Nbc6 10. Rc1 Nd4 11. Ne4 a5 12. Nc5 Ra7 13. Nb3 Nxf3+ 14. Bxf3 b6
15. Na1 c5 16. Bg2 Bb7 17. Bxb7 Rxb7 18. Qb3 Qd7 19. Rfd1 Kh8 20. Nc2 f5 21. f4
exf4 22. Bxf4 Qd5 23. Qb5 Rd8 24. a3 h6 25. h4 Kh7 26. Rd2 Qd7 27. Qxd7 Rbxd7
28. Ne3 Bf6 29. Nc4 Nd5 30. Rdc2 Re8 31. Rd1 Nxf4 32. gxf4 Re6 33. h5 gxh5 34.
a4 Bd4+ 35. Kh1 Rg7 36. Re1 Be3 37. Rf1 Rg4 38. Nxe3 Rxe3 39. Kh2 Rh4+ 40. Kg2
Rg4+ 41. Kh2 h4 42. Rd2 Kg6 43. Rf2 h3 44. b3 Reg3 45. d4 Rg2+ 46. Rxg2 hxg2
47. Kg1 cxd4 48. Rxd4 Kh5 49. Rd6 Rxf4 50. Rxb6 Re4 51. Kxg2 Rxe2+ 52. Kf3 Rc2
53. Kf4 Rf2+ 54. Kg3 Rb2 55. Kf4 1/2-1/2

[Event "Duna Kupa (Nõi Nyílt Bajnokság)"]
[Site "Budapest"]
[Date "2015.09.26"]
[Round "4.17"]
[White "Karacsonyi, Gellert"]
[Black "Laza, Szabolcs"]
[Result "1/2-1/2"]
[WhiteElo "2055"]
[BlackElo "2150"]
[PlyCount "115"]
[EventDate "2015.09.23"]
[EventType "swiss"]
[EventRounds "9"]
[EventCountry "HUN"]

1. e4 c5 2. Nf3 e6 3. d4 cxd4 4. Nxd4 a6 5. Nc3 b5 6. Bd3 Qc7 7. O-O Bb7 8. a3
Nf6 9. Kh1 Bc5 10. Nb3 Be7 11. Bd2 O-O 12. Qe2 d6 13. f4 Nbd7 14. a4 b4 15. Na2
a5 16. c3 Nc5 17. Nxc5 dxc5 18. e5 Nd7 19. c4 Qc6 20. Rg1 Rad8 21. b3 Nb8 22.
Rad1 Rd7 23. Bc2 Rfd8 24. Bc1 Rxd1 25. Rxd1 Rxd1+ 26. Bxd1 Qe4 27. Qxe4 Bxe4
28. Be3 f6 29. exf6 gxf6 30. Nc1 Bd6 31. Kg1 Nc6 32. Kf2 Nd4 33. g3 Kf7 34. Ne2
e5 35. fxe5 fxe5 36. Bg5 Be7 37. Be3 Kg6 38. h4 Bf5 39. Bd2 Kf6 40. Be3 Bg4 41.
Nxd4 Bxd1 42. Nc6 Ke6 43. Nxe7 Kxe7 44. Bxc5+ Kd7 45. Bb6 Kc6 46. Bxa5 Kc5 47.
Bc7 Bxb3 48. Bxe5 Bxa4 49. Ke3 Kxc4 50. Kf4 h5 51. g4 hxg4 52. Kxg4 Bd1+ 53.
Kg5 Kd3 54. h5 Bxh5 55. Kxh5 Ke4 56. Bh8 b3 57. Kh6 b2 58. Bxb2 1/2-1/2

[Event "Duna Kupa (Nõi Nyílt Bajnokság)"]
[Site "Budapest"]
[Date "2015.09.26"]
[Round "4.18"]
[White "Csapo, Zoltan"]
[Black "Kormos, Adam"]
[Result "0-1"]
[WhiteElo "2005"]
[BlackElo "2116"]
[PlyCount "102"]
[EventDate "2015.09.23"]
[EventType "swiss"]
[EventRounds "9"]
[EventCountry "HUN"]

1. e4 c5 2. Nf3 d6 3. c3 Nf6 4. h3 Nc6 5. Qe2 g6 6. g4 Bg7 7. Bg2 O-O 8. O-O d5
9. e5 Nxg4 10. hxg4 Bxg4 11. Qe3 d4 12. cxd4 cxd4 13. Qb3 Bxf3 14. Qxf3 d3 15.
Nc3 Bxe5 16. Re1 Qd6 17. a3 Rad8 18. Nd5 e6 19. Nb4 Bh2+ 20. Kf1 Ne5 21. Qh3
Bf4 22. b3 f5 23. Bb2 Ng4 24. Bxb7 Bxd2 25. Red1 Bxb4 26. axb4 Qb6 27. Qg2 Nxf2
28. Qxf2 Qxb7 29. Kg1 Rf7 30. Qc5 Qb6 31. Kg2 Qxc5 32. bxc5 Rd5 33. Rac1 e5 34.
Rc3 e4 35. Bc1 Rc7 36. b4 g5 37. Bxg5 Rg7 38. c6 Rxg5+ 39. Kf2 Rd8 40. Ke3 Rg4
41. Rf1 Rg2 42. c7 Re2+ 43. Kf4 Rc8 44. Kxf5 Rc2 45. Rxc2 dxc2 46. Kxe4 Rxc7
47. Rc1 Kf7 48. Kd3 h5 49. Kd2 Ke6 50. Re1+ Kf5 51. Kc1 h4 0-1

[Event "Duna Kupa (Nõi Nyílt Bajnokság)"]
[Site "Budapest"]
[Date "2015.09.26"]
[Round "4.19"]
[White "Piroska, Istvan"]
[Black "Fodor, Balazs"]
[Result "1-0"]
[WhiteElo "2065"]
[BlackElo "2057"]
[PlyCount "53"]
[EventDate "2015.09.23"]
[EventType "swiss"]
[EventRounds "9"]
[EventCountry "HUN"]

1. e4 e6 2. d4 d5 3. Nc3 Nf6 4. Bg5 dxe4 5. Nxe4 Be7 6. Bxf6 gxf6 7. Nf3 f5 8.
Nc3 Bf6 9. Bb5+ c6 10. Bc4 Nd7 11. O-O Rg8 12. Re1 Kf8 13. Ne5 Nb6 14. Bb3 Bd7
15. Qh5 Be8 16. Rad1 Rg7 17. Rd3 Bg5 18. Nf3 Be7 19. Ne2 Nd5 20. Qh6 Nf6 21.
Nf4 Kg8 22. Ng5 Ng4 23. Qxg7+ Kxg7 24. Ngxe6+ fxe6 25. Nxe6+ Kf6 26. Nxd8 Rxd8
27. h3 1-0

[Event "Duna Kupa (Nõi Nyílt Bajnokság)"]
[Site "Budapest"]
[Date "2015.09.26"]
[Round "4.20"]
[White "Vargyas, Zoltan"]
[Black "Rezsek, Gyozo"]
[Result "1-0"]
[WhiteElo "2094"]
[BlackElo "2015"]
[PlyCount "71"]
[EventDate "2015.09.23"]
[EventType "swiss"]
[EventRounds "9"]
[EventCountry "HUN"]

1. e4 e5 2. Nf3 Nc6 3. Bc4 Be7 4. d4 d6 5. O-O Nf6 6. d5 Nb8 7. Bd3 Nbd7 8. Be3
Ng4 9. Bd2 Ngf6 10. b4 O-O 11. c4 c6 12. a4 cxd5 13. cxd5 a5 14. bxa5 Nc5 15.
Qc2 Nfxe4 16. Bxe4 f5 17. Bd3 Nxd3 18. Qxd3 e4 19. Qe3 exf3 20. Qxf3 Qd7 21.
Nc3 Bf6 22. Nb5 Bxa1 23. Rxa1 b6 24. Rc1 Rxa5 25. Bxa5 bxa5 26. Rc7 Qe8 27. Qc3
Bd7 28. Nxd6 Qe2 29. h4 Qe7 30. Nc8 Rxc8 31. Rxc8+ Bxc8 32. Qxc8+ Kf7 33. Qxf5+
Ke8 34. Qxh7 Qe1+ 35. Kh2 Qe5+ 36. g3 1-0

[Event "Duna Kupa (Nõi Nyílt Bajnokság)"]
[Site "Budapest"]
[Date "2015.09.26"]
[Round "4.21"]
[White "Szente Varga, Fruzsina"]
[Black "Bodrogi, Mihaly"]
[Result "0-1"]
[WhiteElo "2240"]
[BlackElo "2044"]
[PlyCount "118"]
[EventDate "2015.09.23"]
[EventType "swiss"]
[EventRounds "9"]
[EventCountry "HUN"]

1. e4 c5 2. Nf3 Nc6 3. Bb5 g6 4. O-O Bg7 5. d3 Nf6 6. Nc3 O-O 7. e5 Ne8 8. Bxc6
dxc6 9. Be3 b6 10. h3 Nc7 11. Qd2 Ne6 12. Bh6 Nd4 13. Nxd4 Qxd4 14. Bxg7 Kxg7
15. Qg5 Re8 16. Rae1 Bf5 17. Kh2 c4 18. g4 h6 19. Qd2 Be6 20. Re4 Qd7 21. d4
Rad8 22. f4 f5 23. exf6+ exf6 24. g5 hxg5 25. fxg5 f5 26. Ref4 Bd5 27. Ne2 Qe7
28. Ng3 Rh8 29. Re1 Qxg5 30. Nxf5+ gxf5 31. Re3 Qxf4+ 32. Rg3+ Qxg3+ 33. Kxg3
Kf6 34. Qf4 Rde8 35. h4 Rhg8+ 36. Kf2 Rg4 37. Qh6+ Rg6 38. Qf4 Kg7 39. Qc7+ Kh8
40. h5 Rge6 41. b3 c3 42. Kg3 Re3+ 43. Kf4 R3e4+ 44. Kxf5 R4e7 45. Qd6 Rf7+ 46.
Kg5 Rg7+ 47. Kf5 Be6+ 48. Ke4 Bc4+ 49. Kf4 Bd5 50. Qh6+ Kg8 51. Qd6 Rf8+ 52.
Ke3 Rf3+ 53. Ke2 Rg2+ 54. Ke1 Re3+ 55. Kf1 Rg7 56. Kf2 Re6 57. Qb8+ Kh7 58. Kf1
Rf7+ 59. Kg1 Re2 0-1

[Event "Duna Kupa (Nõi Nyílt Bajnokság)"]
[Site "Budapest"]
[Date "2015.09.26"]
[Round "4.22"]
[White "Fodre, Sandor"]
[Black "Dudas, Eszter"]
[Result "0-1"]
[WhiteElo "2139"]
[BlackElo "2145"]
[PlyCount "38"]
[EventDate "2015.09.23"]
[EventType "swiss"]
[EventRounds "9"]
[EventCountry "HUN"]

1. e4 e6 2. Nf3 d5 3. Nc3 Nf6 4. exd5 exd5 5. d4 Bg4 6. Bd3 Be7 7. O-O Nc6 8.
Be3 O-O 9. Re1 Re8 10. h3 Bh5 11. g4 Bg6 12. Bxg6 hxg6 13. a3 Ne4 14. Qd3 Bf6
15. Rad1 Rc8 16. Qb5 Nxc3 17. bxc3 Qd6 18. Qxb7 Rb8 19. Qa6 Nxd4 0-1

[Event "Duna Kupa (Nõi Nyílt Bajnokság)"]
[Site "Budapest"]
[Date "2015.09.26"]
[Round "4.23"]
[White "Torok, Tamas Titusz"]
[Black "Marta, Dominik"]
[Result "1/2-1/2"]
[WhiteElo "2139"]
[BlackElo "2009"]
[PlyCount "101"]
[EventDate "2015.09.23"]
[EventType "swiss"]
[EventRounds "9"]
[EventCountry "HUN"]

1. e4 e6 2. c4 d5 3. cxd5 exd5 4. exd5 Nf6 5. Nc3 Nxd5 6. Nf3 Nc6 7. d4 Bb4 8.
Bd2 O-O 9. Be2 Bg4 10. O-O Re8 11. h3 Rxe2 12. hxg4 Re8 13. Qb3 Bxc3 14. bxc3
Na5 15. Qa4 Nc6 16. Qb5 a6 17. Qxb7 Qd7 18. Qb3 Na5 19. Qc2 Nc4 20. Qd3 Nxd2
21. Qxd2 Qxg4 22. Ne5 Qf4 23. Qd3 f6 24. Nc6 Qg5 25. Qc4 Kh8 26. Ne5 fxe5 27.
Qxd5 Rad8 28. Qc5 Re6 29. Rfe1 Rg6 30. g3 exd4 31. Qxd4 h5 32. Qe5 h4 33. Qxg5
Rxg5 34. Re3 hxg3 35. fxg3 Rd2 36. a4 Rg4 37. a5 Rg5 38. Ra4 Rdd5 39. Rc4 Rc5
40. Rxc5 Rxc5 41. Re6 Rxc3 42. Rxa6 Rxg3+ 43. Kf2 Rc3 44. Ra8+ Kh7 45. Rc8 Ra3
46. Rxc7 Rxa5 47. Kg3 Kh6 48. Rc8 Kg5 49. Rc3 Kh5 50. Rb3 g5 51. Rc3 1/2-1/2

[Event "Duna Kupa (Nõi Nyílt Bajnokság)"]
[Site "Budapest"]
[Date "2015.09.27"]
[Round "5.2"]
[White "Hando, Vilmos"]
[Black "Almasi, Istvan"]
[Result "0-1"]
[WhiteElo "2332"]
[BlackElo "2409"]
[PlyCount "72"]
[EventDate "2015.09.23"]
[EventType "swiss"]
[EventRounds "9"]
[EventCountry "HUN"]

1. d4 Nf6 2. Nf3 c5 3. c4 cxd4 4. Nxd4 e6 5. Nc3 Bb4 6. Bd2 Nc6 7. Nc2 Be7 8.
e4 O-O 9. Be3 Qa5 10. Bd3 Rd8 11. a3 d5 12. b4 Qc7 13. Nb5 Qb8 14. exd5 exd5
15. c5 Ng4 16. Qd2 Qe5 17. h3 Nxe3 18. Qxe3 a6 19. Nbd4 Bf6 20. Qxe5 Bxe5 21.
Nxc6 Bc3+ 22. Kd1 bxc6 23. Rb1 a5 24. Ke2 axb4 25. axb4 Re8+ 26. Kf3 Be6 27.
Rhd1 Reb8 28. b5 cxb5 29. Rxb5 Rc8 30. Ne3 g6 31. g4 Bd7 32. Rb3 d4 33. Be4 Ba4
34. Bxa8 Bxb3 35. Rb1 Ba2 36. Bb7 Rxc5 0-1